000 00516nam a22001577a 4500
999 _c19614
_d19614
005 20180309170421.0
008 170612b ck ||||| |||| 00| 0 spa d
040 _aCO-BoIAVH
_cCO-BoIAVH
041 _aspa
044 _ack
090 _aFG
_b0218
245 0 0 _aAves playeras y marinas de la reserva de biosfera seaflower
260 _aBogotá:
_bMinisterio de Ambiente, Vivienda y Desarrollo Territorial:
_bCoralina;
_c.
300 _a39 páginas:
_bfotografías a color, mapas;
_c21 x 21 cm
942 _2z
_cFolleto